[Event "DEM U12/U12w 2004"]
[Site "Willingen GER"]
[Date "2004.05.30"]
[Round "1"]
[White "Mätzig, Lara Annabelle"]
[Black "Specht, Christian"]
[Result "0-1"]
[Termination "normal"]
[Board "39"]
[WhiteElo "1136"]
[BlackElo "1471"]
[PlyCount "114"]
[BlackFideId "24647985"]
[EventCountry "GER"]
[EventRounds "11"]
[EventType "swiss"]
[EventDate "2004.05.29"]

1. e4 c5 2. Nf3 Nc6 3. d4 cxd4 4. Nxd4 Nf6 5. Nc3 e5 6. Nb3 Bb4 7. Bd3 d5 8.
exd5 Nxd5 9. Bd2 O-O 10. Qf3 Nxc3 11. bxc3 Bd6 12. O-O Qh4 13. Qe4 Qxe4 14.
Bxe4 Be6 15. Rab1 f5 16. Bxc6 bxc6 17. Rfd1 Bxb3 18. cxb3 Bc5 19. c4 Rad8 20.
Bc3 Bd4 21. Bd2 Rd7 22. Ba5 Rf6 23. Re1 Rfd6 24. h3 c5 25. b4 Ra6 26. a3 e4 27.
Rb3 Bf6 28. Kf1 Rd4 29. Rc1 Bg5 30. Rc2 Rd3 31. Rcc3 Rd1+ 32. Ke2 Rad6 33. Rc2
R1d3 34. Rbb2 Rxa3 35. bxc5 Rc6 36. Rb8+ Kf7 37. Rb7+ Kg6 38. Rxa7 Rxc5 39. Bb4
Rxc4 40. Rxc4 Rxa7 41. Rc6+ Bf6 42. Rc4 Ra4 43. Kd2 Kh5 44. g3 Be7 45. Kc3
Bxb4+ 46. Rxb4 Rxb4 47. Kxb4 Kg5 48. Kc3 f4 49. Kd4 fxg3 50. fxg3 Kf5 51. Ke3
Ke5 52. h4 h5 53. Kf2 Kd4 54. Ke2 e3 55. Ke1 Kd3 56. Kd1 e2+ 57. Ke1 g6 0-1

[Event "DEM U12/U12w 2004"]
[Site "Willingen GER"]
[Date "2004.05.30"]
[Round "1"]
[White "Weber, Raphael"]
[Black "Dannhorn, Anna"]
[Result "1-0"]
[Termination "normal"]
[Board "40"]
[WhiteElo "1471"]
[BlackElo "1085"]
[PlyCount "77"]
[WhiteFideId "24644110"]
[EventCountry "GER"]
[EventRounds "11"]
[EventType "swiss"]
[EventDate "2004.05.29"]

1. e4 e5 2. Nf3 Nc6 3. Bb5 Nf6 4. O-O Bc5 5. d3 d6 6. h3 h6 7. c3 O-O 8. Be3
Bb6 9. Qc2 Bd7 10. Nbd2 Re8 11. Rad1 d5 12. exd5 Nxd5 13. Bxb6 axb6 14. a3 Ra5
15. Bc4 Nf6 16. Rfe1 Bf5 17. Ne4 Ra8 18. Ng3 Bg6 19. Bb5 Re7 20. Bxc6 bxc6 21.
Rxe5 Nd7 22. Rxe7 Qxe7 23. Qe2 Qd6 24. Qe3 Nc5 25. d4 Nb3 26. Qe5 Qd7 27. Qf4
Bc2 28. Re1 c5 29. Ne5 Qe8 30. dxc5 Nxc5 31. Nd3 Qc6 32. Nxc5 Qxc5 33. Re5 Qc6
34. Re7 Bb3 35. Qxc7 Qf6 36. Qe5 Qc6 37. Nf5 f6 38. Rxg7+ Kh8 39. Qe7 1-0

[Event "DEM U12/U12w 2004"]
[Site "Willingen GER"]
[Date "2004.05.30"]
[Round "1"]
[White "Saak, Saskia"]
[Black "Völsgen, Georg"]
[Result "0-1"]
[Termination "normal"]
[Board "41"]
[WhiteElo "1084"]
[BlackElo "1456"]
[PlyCount "102"]
[BlackFideId "24635901"]
[EventCountry "GER"]
[EventRounds "11"]
[EventType "swiss"]
[EventDate "2004.05.29"]

1. e4 e5 2. Nf3 Nc6 3. Bc4 Bc5 4. d3 Nf6 5. Nc3 d6 6. Be3 Bb6 7. Qd2 h6 8.
O-O-O Be6 9. Bb5 a6 10. Ba4 Ba5 11. Kb1 Bg4 12. d4 Nxe4 13. Qd3 Nxc3+ 14. bxc3
b5 15. Bb3 Bxf3 16. Qf5 Qf6 17. Qxf6 gxf6 18. gxf3 Bxc3 19. Bd5 Kd7 20. dxe5
fxe5 21. Bxf7 Raf8 22. Bd5 Bd4 23. Rhg1 Bxe3 24. Rg7+ Ne7 25. fxe3 Kd8 26. Bb7
a5 27. Be4 Nf5 28. Bxf5 Rxf5 29. Rf1 Rhf8 30. Rg3 Kd7 31. c3 Kc6 32. Kc2 Kc5
33. a3 d5 34. Kb3 a4+ 35. Kc2 R8f6 36. Rf2 c6 37. Rh3 Kb6 38. Kd2 Kc5 39. f4
exf4 40. exf4 Kc4 41. Kc2 Rxf4 42. Rxf4+ Rxf4 43. Rxh6 Rf2+ 44. Kd1 c5 45. Rh3
Ra2 46. Kc1 Rxa3 47. Kb2 Rb3+ 48. Kc2 a3 49. Rh4+ d4 50. Rh3 Rxc3+ 51. Rxc3+
dxc3 0-1

[Event "DEM U12/U12w 2004"]
[Site "Willingen GER"]
[Date "2004.05.30"]
[Round "1"]
[White "Huhnstock, Rico"]
[Black "Hort, Maria"]
[Result "1-0"]
[Termination "normal"]
[Board "42"]
[WhiteElo "1449"]
[BlackElo "1082"]
[PlyCount "155"]
[WhiteFideId "24642932"]
[EventCountry "GER"]
[EventRounds "11"]
[EventType "swiss"]
[EventDate "2004.05.29"]

1. e4 c6 2. d4 d5 3. Nc3 dxe4 4. Nxe4 Bf5 5. Ng3 Bg6 6. Nf3 Nd7 7. Bd3 Bxd3 8.
Qxd3 e6 9. Bf4 Ngf6 10. Ne4 Be7 11. O-O Nd5 12. Bg3 O-O 13. c3 c5 14. Rfd1 Rc8
15. Rab1 c4 16. Qe2 b5 17. Rdc1 Re8 18. Ne5 N7f6 19. f3 Nh5 20. f4 Ndxf4 21.
Bxf4 Nxf4 22. Qf3 Bg5 23. Nxg5 Qxg5 24. Rf1 f6 25. Qxf4 Qxf4 26. Rxf4 fxe5 27.
dxe5 Rc5 28. Re1 a5 29. g3 Rb8 30. Ree4 Rf8 31. Rxf8+ Kxf8 32. Kf2 Ke7 33. Ke3
Rd5 34. Ke2 Kf7 35. Kf3 Rd2 36. Re2 Rxe2 37. Kxe2 Kg6 38. Ke3 Kf5 39. Kd4 g5
40. h3 h5 41. a3 h4 42. gxh4 gxh4 43. a4 bxa4 44. Kxc4 Kxe5 45. Kd3 Kf4 46. c4
Kg3 47. c5 Kxh3 48. c6 Kg3 49. c7 h3 50. c8=Q h2 51. Qc7+ Kg2 52. Qc6+ Kg1 53.
Qc1+ Kg2 54. Qd2+ Kg1 55. Qe1+ Kg2 56. Qe2+ Kg1 57. Qxe6 h1=Q 58. Qe1+ Kg2 59.
Qxh1+ Kxh1 60. Kc4 Kg2 61. Kb5 Kf3 62. Kxa4 Ke4 63. Kxa5 Kd5 64. Kb5 Kd6 65. b4
Kc7 66. Ka6 Kb8 67. b5 Ka8 68. b6 Kb8 69. b7 Kc7 70. Ka7 Kd6 71. b8=Q+ Kd5 72.
Qf4 Kc5 73. Qe4 Kb5 74. Kb7 Ka5 75. Qd4 Kb5 76. Kc7 Ka5 77. Kc6 Ka6 78. Qa4#
1-0

[Event "DEM U12/U12w 2004"]
[Site "Willingen GER"]
[Date "2004.05.30"]
[Round "1"]
[White "Eckoldt, Katja"]
[Black "Blübaum, Johanna"]
[Result "0-1"]
[Termination "normal"]
[Board "43"]
[WhiteElo "1056"]
[BlackElo "1443"]
[PlyCount "76"]
[BlackFideId "24647373"]
[EventCountry "GER"]
[EventRounds "11"]
[EventType "swiss"]
[EventDate "2004.05.29"]

1. e4 e6 2. Nf3 d5 3. exd5 exd5 4. Be2 d4 5. O-O Be7 6. b3 Nf6 7. Bb2 c5 8. Bc4
O-O 9. Qe2 Bf5 10. Bd3 Bg4 11. Be4 Nxe4 12. Qxe4 Bc8 13. Qd3 Nc6 14. c3 Bf6 15.
Na3 a6 16. Nc2 dxc3 17. Qxd8 Rxd8 18. dxc3 Rd3 19. Rfe1 Be6 20. Re3 Rad8 21.
Nce1 Rxe3 22. fxe3 Ne5 23. Nxe5 Bxe5 24. Nf3 Bf6 25. Rc1 Rd3 26. e4 Bg4 27. Kf2
Bxf3 28. gxf3 Rd2+ 29. Ke3 Rxb2 30. Rd1 g6 31. Kd3 Rxa2 32. Kc4 Rxh2 33. f4 h5
34. Kxc5 Bxc3 35. Rd7 h4 36. Rxb7 h3 37. Rd7 Rd2 38. Rxd2 Bxd2 0-1

[Event "DEM U12/U12w 2004"]
[Site "Willingen GER"]
[Date "2004.05.30"]
[Round "1"]
[White "Kamrla, Robin"]
[Black "Rummer, Bärbel"]
[Result "1-0"]
[Termination "normal"]
[Board "44"]
[WhiteElo "1435"]
[BlackElo "1054"]
[PlyCount "101"]
[BlackFideId "12900109"]
[EventCountry "GER"]
[EventRounds "11"]
[EventType "swiss"]
[EventDate "2004.05.29"]

1. e4 e5 2. Nf3 Nc6 3. Bc4 Bc5 4. c3 Nf6 5. d4 exd4 6. cxd4 Bb4+ 7. Bd2 Nxe4 8.
Bxb4 Nxb4 9. Bxf7+ Kxf7 10. Qb3+ Ke8 11. Qxb4 d6 12. O-O b6 13. Re1 d5 14. Nfd2
Bf5 15. f3 Qe7 16. Qxe7+ Kxe7 17. fxe4 Bxe4 18. Nxe4 dxe4 19. Rxe4+ Kf7 20. Nc3
Rhd8 21. Rf1+ Kg8 22. Re7 c6 23. Rff7 Rxd4 24. Rxg7+ Kf8 25. Rxa7 Rxa7 26. Rxa7
h6 27. Ra6 Rb4 28. b3 c5 29. Ra4 Rxa4 30. Nxa4 b5 31. Nxc5 Ke7 32. a4 bxa4 33.
bxa4 Kd6 34. Nd3 Kc6 35. Nb2 Kc5 36. Kf2 Kd4 37. Kf3 Ke5 38. Kg4 Ke6 39. Kh5
Kd5 40. Kxh6 Ke6 41. g4 Kd7 42. g5 Ke8 43. g6 Kf8 44. g7+ Kg8 45. a5 Kf7 46. a6
Ke7 47. a7 Kd6 48. g8=Q Kc5 49. a8=Q Kd4 50. Qa4+ Ke5 51. Qg5+ 1-0

[Event "DEM U12/U12w 2004"]
[Site "Willingen GER"]
[Date "2004.05.30"]
[Round "1"]
[White "Zuyeva, Lisa"]
[Black "Gersch, Andre"]
[Result "0-1"]
[Termination "normal"]
[Board "45"]
[WhiteElo "1028"]
[BlackElo "1433"]
[PlyCount "110"]
[EventCountry "GER"]
[EventRounds "11"]
[EventType "swiss"]
[EventDate "2004.05.29"]

1. e4 e6 2. d4 d5 3. exd5 exd5 4. Nc3 Nf6 5. Bf4 Be7 6. Nf3 Bd7 7. Bb5 a6 8.
Ba4 Bxa4 9. Nxa4 Nbd7 10. O-O O-O 11. Nc3 Nb6 12. Re1 Bd6 13. Bg5 c6 14. Ne5
Re8 15. Bf4 Nc4 16. b3 Nb6 17. Bg5 Be7 18. Qd3 Qd6 19. Rad1 Nfd7 20. Bf4 Bf6
21. Qg3 Bxe5 22. Bxe5 Nxe5 23. dxe5 Qe6 24. Rd3 Nd7 25. f4 Qf5 26. Rd2 Re6 27.
Re3 Rg6 28. Qh4 Rg4 29. Qe7 Rxf4 30. Re1 Qe6 31. Qa3 Nxe5 32. Rde2 f6 33. Na4
Qg4 34. Nb6 Rd8 35. Qe7 Nf3+ 36. Kh1 Ne5 37. Qxd8+ Kf7 38. Qc7+ Kg6 39. Qd6
Qxe2 40. Rg1 Rf1 41. Qc5 Nf3 42. gxf3+ Kh6 43. Rxf1 Qxf1+ 44. Qg1 Qxf3+ 45. Qg2
Qd1+ 46. Qg1 Qxc2 47. Qe3+ g5 48. Qe7 Kg6 49. Qe8+ Kh6 50. Qf8+ Kh5 51. Qf7+
Kh4 52. Qxh7+ Qxh7 53. Nc8 Qc2 54. Nd6 Qf2 55. h3 Kxh3 0-1

[Event "DEM U12/U12w 2004"]
[Site "Willingen GER"]
[Date "2004.05.30"]
[Round "1"]
[White "Park, Johannes"]
[Black "Khitov, Roman"]
[Result "1-0"]
[Termination "normal"]
[Board "46"]
[WhiteElo "1433"]
[BlackElo "957"]
[PlyCount "89"]
[EventCountry "GER"]
[EventRounds "11"]
[EventType "swiss"]
[EventDate "2004.05.29"]

1. d4 Nf6 2. c4 g6 3. Nc3 Bg7 4. e4 d6 5. Bg5 O-O 6. Qd2 Nbd7 7. Be2 c5 8. d5
Qe8 9. O-O-O Nb6 10. f3 Na4 11. Nb5 Qd7 12. b3 Nb6 13. Bh6 a6 14. Bxg7 Kxg7 15.
Nc3 a5 16. a4 Rd8 17. Nb5 Ra6 18. Nh3 Na8 19. Nf4 Nc7 20. Nxc7 Qxc7 21. Qe3 Qb6
22. Kc2 Kg8 23. e5 Ne8 24. e6 Nf6 25. exf7+ Kxf7 26. Ne6 Re8 27. h4 Bxe6 28.
Qxe6+ Kg7 29. g4 Qc7 30. f4 Qd7 31. Bf3 Qxe6 32. dxe6 Ra7 33. f5 Rh8 34. g5 Ne8
35. Be4 Rf8 36. Rdf1 b6 37. fxg6 hxg6 38. Rxf8 Kxf8 39. Bxg6 Ng7 40. Rf1+ Kg8
41. h5 Nxe6 42. Bf7+ Kg7 43. Bxe6 Rc7 44. Rf7+ Kh8 45. g6 1-0

[Event "DEM U12/U12w 2004"]
[Site "Willingen GER"]
[Date "2004.05.30"]
[Round "1"]
[White "Oat, Daniela"]
[Black "Gröger, Eric"]
[Result "0-1"]
[Termination "normal"]
[Board "47"]
[WhiteElo "943"]
[BlackElo "1428"]
[PlyCount "82"]
[EventCountry "GER"]
[EventRounds "11"]
[EventType "swiss"]
[EventDate "2004.05.29"]

1. c4 e6 2. Nc3 c5 3. g3 Nf6 4. Bg2 Nc6 5. e3 d5 6. b3 Be7 7. Nge2 O-O 8. O-O
Rb8 9. d4 cxd4 10. exd4 a6 11. Rb1 b6 12. Bg5 h6 13. Bf4 Ra8 14. Nc1 Bb7 15.
Be3 Qd7 16. N1e2 Rfd8 17. cxd5 Nxd5 18. Nxd5 exd5 19. Nf4 Bf6 20. Bh3 Qe7 21.
Bf5 g6 22. Bc2 Bg7 23. Qd2 Qf6 24. Rbd1 Rac8 25. Ng2 Nxd4 26. Bxd4 Qxd4 27.
Qxd4 Bxd4 28. Bb1 Bg7 29. f4 Bf8 30. f5 Bc5+ 31. Kh1 g5 32. h4 f6 33. hxg5 hxg5
34. Kh2 Kf7 35. Kh3 Rh8+ 36. Kg4 d4 37. Ne1 Rh6 38. Nd3 Bd6 39. Rg1 Rch8 40. a4
Rh4+ 41. gxh4 Rxh4# 0-1

[Event "DEM U12/U12w 2004"]
[Site "Willingen GER"]
[Date "2004.05.30"]
[Round "1"]
[White "Mijatovic, Andrea"]
[Black "Rau, Carla"]
[Result "1-0"]
[Termination "normal"]
[Board "48"]
[WhiteElo "1422"]
[BlackElo "929"]
[PlyCount "55"]
[WhiteFideId "14514524"]
[EventCountry "GER"]
[EventRounds "11"]
[EventType "swiss"]
[EventDate "2004.05.29"]

1. e4 d6 2. d4 g6 3. Nc3 Bg7 4. Nf3 Nf6 5. Bg5 h6 6. Be3 O-O 7. Qd2 Ng4 8. Bf4
Nd7 9. h3 e5 10. hxg4 exf4 11. Qxf4 g5 12. Qd2 Nf6 13. Nh2 Nxg4 14. Nxg4 Bxg4
15. f3 Bd7 16. O-O-O c6 17. Kb1 d5 18. exd5 cxd5 19. Nxd5 Be6 20. Ne3 Qd7 21.
Bc4 Rac8 22. Bxe6 fxe6 23. Ng4 Kh7 24. Qxg5 Qc6 25. Rxh6+ Bxh6 26. Qxh6+ Kg8
27. Qg6+ Kh8 28. Rh1# 1-0

[Event "DEM U12/U12w 2004"]
[Site "Willingen GER"]
[Date "2004.05.30"]
[Round "1"]
[White "Hoffmann, Cara"]
[Black "Sharikow, Alexej"]
[Result "0-1"]
[Termination "normal"]
[Board "49"]
[WhiteElo "922"]
[BlackElo "1420"]
[PlyCount "48"]
[EventCountry "GER"]
[EventRounds "11"]
[EventType "swiss"]
[EventDate "2004.05.29"]

1. e4 e5 2. Nf3 Nc6 3. Bb5 Bc5 4. O-O d6 5. d4 exd4 6. Nxd4 Bd7 7. Re1 Nxd4 8.
Bxd7+ Qxd7 9. c3 Ne6 10. b4 Bb6 11. a4 a6 12. a5 Ba7 13. Nd2 Qc6 14. c4 Nf6 15.
Qc2 Nd4 16. Qd3 Ne6 17. Rb1 Ng4 18. Re2 Nf4 19. Qc3 Nxe2+ 20. Kf1 Nxc3 21. Rb3
Nxe4 22. Nf3 Qxc4+ 23. Kg1 Qxc1+ 24. Ne1 Qxe1# 0-1

[Event "DEM U12/U12w 2004"]
[Site "Willingen GER"]
[Date "2004.05.30"]
[Round "1"]
[White "Cornish, Alexander"]
[Black "Thiele, Eileen"]
[Result "1-0"]
[Termination "normal"]
[Board "50"]
[WhiteElo "1404"]
[BlackElo "894"]
[PlyCount "107"]
[EventCountry "GER"]
[EventRounds "11"]
[EventType "swiss"]
[EventDate "2004.05.29"]

1. e4 e5 2. Nf3 Nc6 3. Bc4 Bc5 4. Nc3 Nf6 5. d3 d6 6. Be3 Bb6 7. h3 h6 8. Qd2
Be6 9. Bb3 Qd7 10. Ne2 Ne7 11. Ng3 Ng6 12. c3 c6 13. d4 exd4 14. cxd4 d5 15. e5
Ne4 16. Qc2 Ba5+ 17. Bd2 Bxd2+ 18. Nxd2 Nxg3 19. fxg3 O-O 20. Qc5 b6 21. Qc3
Rac8 22. Rc1 Rc7 23. Ba4 Rfc8 24. Nb3 b5 25. Nc5 Qe8 26. Bc2 Ne7 27. Qd3 Bf5
28. Qf3 Bxc2 29. Rxc2 b4 30. b3 a5 31. O-O Ng6 32. Rcf2 Re7 33. h4 Rcc7 34. h5
Nf8 35. Qg4 Ne6 36. Nxe6 Rxe6 37. Rf6 Rd7 38. Rc1 Rc7 39. Rc5 Ra7 40. Rxe6 fxe6
41. Qg6 Qc8 42. g4 Ra6 43. g5 hxg5 44. h6 Qd7 45. hxg7 Qxg7 46. Qxe6+ Qf7 47.
Qc8+ Qf8 48. Qxa6 g4 49. Rxc6 Kg7 50. Rg6+ Kh7 51. Rxg4 Qf7 52. Rh4+ Kg7 53.
Qh6+ Kg8 54. Qh8# 1-0

[Event "DEM U12/U12w 2004"]
[Site "Willingen GER"]
[Date "2004.05.30"]
[Round "1"]
[White "Kroner, Sarah"]
[Black "Giesler, Julius"]
[Result "0-1"]
[Termination "normal"]
[Board "51"]
[WhiteElo "889"]
[BlackElo "1394"]
[PlyCount "118"]
[EventCountry "GER"]
[EventRounds "11"]
[EventType "swiss"]
[EventDate "2004.05.29"]

1. e4 e5 2. Bc4 Nc6 3. d3 Nf6 4. Nf3 Bc5 5. O-O d6 6. h3 h6 7. Nc3 Qe7 8. Nh2
Be6 9. Bd5 Bxd5 10. exd5 Nb4 11. a3 Nbxd5 12. Nxd5 Nxd5 13. Qf3 c6 14. c4 Nf6
15. Qg3 Rg8 16. b4 Bd4 17. Ra2 O-O-O 18. Re2 Kb8 19. Rfe1 Rde8 20. Bb2 Bxb2 21.
Rxb2 Nh5 22. Qf3 Nf4 23. Ng4 f5 24. Nxe5 dxe5 25. Kh2 Qf6 26. d4 g5 27. g3 e4
28. Qb3 Nd3 29. b5 Nxb2 30. Qxb2 cxb5 31. Qxb5 Qxd4 32. Re2 f4 33. gxf4 gxf4
34. Rb2 Qb6 35. Qxe8+ Rxe8 36. Rxb6 axb6 37. Kg1 f3 38. Kf1 Kc7 39. Ke1 Kc6 40.
Kd2 e3+ 41. fxe3 f2 42. Ke2 Rxe3+ 43. Kxf2 Rxh3 44. Ke2 Rxa3 45. Kd2 h5 46. Ke2
h4 47. Kf1 h3 48. Kg1 Kc5 49. Kh2 Kxc4 50. Kh1 Ra2 51. Kg1 b5 52. Kh1 b4 53.
Kg1 b3 54. Kf1 b2 55. Kf2 b1=Q+ 56. Kf3 Qd3+ 57. Kg4 Rf2 58. Kh4 Rg2 59. Kh5
Qh7# 0-1

[Event "DEM U12/U12w 2004"]
[Site "Willingen GER"]
[Date "2004.05.31"]
[Round "4"]
[White "Huschenbeth, Niclas"]
[Black "Nuber, Blasius"]
[Result "1-0"]
[Termination "normal"]
[Board "1"]
[WhiteElo "2100"]
[BlackElo "1763"]
[PlyCount "53"]
[WhiteFideId "24604747"]
[BlackFideId "24620289"]
[EventCountry "GER"]
[EventRounds "11"]
[EventType "swiss"]
[EventDate "2004.05.29"]

1. e4 Nf6 2. e5 Nd5 3. d4 d6 4. Bc4 Nb6 5. Bb3 dxe5 6. Qh5 e6 7. dxe5 Nc6 8.
Nf3 Be7 9. O-O O-O 10. Nc3 Bd7 11. Re1 Na5 12. Bg5 Bc6 13. Rad1 Qe8 14. Bxe7
Qxe7 15. Ng5 h6 16. Nge4 Nxb3 17. axb3 Nd5 18. Nxd5 Bxd5 19. Nf6+ gxf6 20. Qxh6
f5 21. Rd3 f4 22. Rh3 f5 23. exf6 Rxf6 24. Qh8+ Kf7 25. Qxa8 Rg6 26. Rh7+ Rg7
27. Qh8 1-0

[Event "DEM U12/U12w 2004"]
[Site "Willingen GER"]
[Date "2004.05.31"]
[Round "4"]
[White "Hobusch, Alexander"]
[Black "Mihok, Oliver"]
[Result "1/2-1/2"]
[Termination "normal"]
[Board "2"]
[WhiteElo "1735"]
[BlackElo "2074"]
[PlyCount "99"]
[WhiteFideId "24611387"]
[BlackFideId "728012"]
[EventCountry "GER"]
[EventRounds "11"]
[EventType "swiss"]
[EventDate "2004.05.29"]

1. d4 Nf6 2. Nf3 e6 3. Bg5 c5 4. e3 Be7 5. c3 b6 6. Bd3 Bb7 7. Nbd2 d6 8. O-O
cxd4 9. exd4 Nbd7 10. c4 O-O 11. Re1 Re8 12. b4 a6 13. Qb3 Qc7 14. a4 Rab8 15.
Qc2 a5 16. bxa5 bxa5 17. Reb1 h6 18. Bf4 Nh5 19. Bg3 Nxg3 20. hxg3 Ba6 21. Rxb8
Rxb8 22. Rb1 Rxb1+ 23. Qxb1 Bb7 24. Bc2 Bc6 25. Qa2 Nb6 26. Bd1 Qd7 27. Nb3
Bxa4 28. Be2 Bxb3 29. Qxb3 Qc7 30. Qb5 Nd7 31. Nd2 Nf6 32. Nb3 Bd8 33. Bf3 Qb6
34. Qxb6 Bxb6 35. c5 dxc5 36. dxc5 Bc7 37. Nd4 Kf8 38. Nb5 Ne8 39. Kf1 Ke7 40.
Bc6 Bb8 41. Ke2 Nc7 42. Nxc7 Bxc7 43. Kd3 g6 44. Kc4 f5 45. Kd4 g5 46. Bb5 Kf6
47. Ba4 h5 48. Be8 h4 49. g4 f4 50. f3 1/2-1/2

[Event "DEM U12/U12w 2004"]
[Site "Willingen GER"]
[Date "2004.05.31"]
[Round "4"]
[White "Graf, Felix"]
[Black "Korman, Maxim"]
[Result "1/2-1/2"]
[Termination "normal"]
[Board "3"]
[WhiteElo "2056"]
[BlackElo "1719"]
[PlyCount "69"]
[WhiteFideId "24608904"]
[BlackFideId "24619787"]
[EventCountry "GER"]
[EventRounds "11"]
[EventType "swiss"]
[EventDate "2004.05.29"]

1. d4 e6 2. c4 d5 3. Nc3 Nf6 4. Nf3 c5 5. e3 Nc6 6. cxd5 exd5 7. Be2 Be7 8.
dxc5 Bxc5 9. O-O O-O 10. Nb5 a6 11. Nbd4 Nxd4 12. Nxd4 Qb6 13. Nb3 Be7 14. Bd2
Bb4 15. Bxb4 Qxb4 16. Qd4 Qxd4 17. Nxd4 Be6 18. Bf3 Rfd8 19. Rfd1 g6 20. h3
Rac8 21. Kf1 Kf8 22. Rac1 Ke7 23. Ke2 Rxc1 24. Rxc1 Rc8 25. Rxc8 Bxc8 26. Kd3
Kd6 27. b4 Bd7 28. g4 h6 29. Bg2 h5 30. f3 hxg4 31. fxg4 g5 32. a3 b6 33. Nb3
Ke5 34. Nd4 Kd6 35. Nb3 1/2-1/2

[Event "DEM U12/U12w 2004"]
[Site "Willingen GER"]
[Date "2004.05.31"]
[Round "4"]
[White "Mazarov, Jürgen"]
[Black "Fischer, Thomas"]
[Result "1-0"]
[Termination "normal"]
[Board "5"]
[WhiteElo "1743"]
[BlackElo "2041"]
[PlyCount "111"]
[WhiteFideId "24617768"]
[BlackFideId "4683277"]
[EventCountry "GER"]
[EventRounds "11"]
[EventType "swiss"]
[EventDate "2004.05.29"]

1. e4 c5 2. Nf3 Nc6 3. Bb5 g6 4. Bxc6 bxc6 5. d3 Bg7 6. Nc3 d6 7. h3 Rb8 8. O-O
e5 9. Na4 Ne7 10. Be3 O-O 11. Qd2 f5 12. Bh6 Rb7 13. Bxg7 Kxg7 14. c3 Rd7 15.
Rfe1 Qa5 16. b3 h6 17. Nb2 Ba6 18. Qc2 g5 19. exf5 Nxf5 20. d4 cxd4 21. cxd4
exd4 22. Qxc6 Rdf7 23. Nc4 Bxc4 24. Qxc4 Qc3 25. Rad1 Qxc4 26. bxc4 Rc8 27.
Nxd4 Rxc4 28. Nxf5+ Rxf5 29. Rxd6 Rc2 30. Re7+ Rf7 31. Rxf7+ Kxf7 32. Rd7+ Kg6
33. Rxa7 Rb2 34. Ra6+ Kg7 35. g4 Kh7 36. Kg2 Kg7 37. Kg3 Kh7 38. f3 Kg7 39. h4
Kh7 40. hxg5 hxg5 41. f4 gxf4+ 42. Kxf4 Kg7 43. Kg5 Rb5+ 44. Kh4 Rb1 45. Kh5
Kf7 46. Ra7+ Kf6 47. g5+ Kf5 48. Rf7+ Ke6 49. Kg6 Ra1 50. Rf6+ Ke7 51. Ra6 Kf8
52. Ra8+ Ke7 53. Kg7 Rb1 54. g6 Rb7 55. Kg8 Kf6 56. Ra6+ 1-0

[Event "DEM U12/U12w 2004"]
[Site "Willingen GER"]
[Date "2004.05.31"]
[Round "4"]
[White "Jussupow, Alexander"]
[Black "Kachibadze, Georg"]
[Result "1-0"]
[Termination "normal"]
[Board "6"]
[WhiteElo "1715"]
[BlackElo "1865"]
[PlyCount "43"]
[WhiteFideId "24613509"]
[BlackFideId "24640794"]
[EventCountry "GER"]
[EventRounds "11"]
[EventType "swiss"]
[EventDate "2004.05.29"]

1. d4 d5 2. Nf3 Nf6 3. e3 e6 4. Bd3 Be7 5. O-O O-O 6. Nbd2 b6 7. Ne5 Bb7 8. b3
Nbd7 9. f4 c5 10. Bb2 cxd4 11. exd4 Rc8 12. f5 Ne4 13. fxe6 fxe6 14. Bxe4 dxe4
15. Ndc4 Nxe5 16. Nxe5 Rxf1+ 17. Qxf1 Qf8 18. Qe2 Qd8 19. Qg4 Qd6 20. c4 Bf6
21. Rd1 Rd8 22. Ba3 1-0

[Event "DEM U12/U12w 2004"]
[Site "Willingen GER"]
[Date "2004.05.31"]
[Round "4"]
[White "Zelbel, Patrick"]
[Black "Jorczik, Julian"]
[Result "1-0"]
[Termination "normal"]
[Board "7"]
[WhiteElo "1618"]
[BlackElo "1792"]
[PlyCount "83"]
[WhiteFideId "24624322"]
[BlackFideId "24611719"]
[EventCountry "GER"]
[EventRounds "11"]
[EventType "swiss"]
[EventDate "2004.05.29"]

1. e4 c5 2. c3 Nf6 3. e5 Nd5 4. d4 cxd4 5. Nf3 e6 6. cxd4 b6 7. Bc4 Bb7 8. O-O
Qc7 9. Bxd5 Bxd5 10. Nc3 Bc4 11. Re1 d6 12. Bf4 d5 13. Rc1 Qd7 14. Qc2 Nc6 15.
a3 Be7 16. b3 Ba6 17. Nxd5 Qxd5 18. Qxc6+ Qxc6 19. Rxc6 Bxa3 20. Ra1 Bb5 21.
Rc7 Bb4 22. Raxa7 Rxa7 23. Rxa7 O-O 24. Rb7 Ra8 25. h3 Ra6 26. Bd2 Bf8 27. d5
exd5 28. Nd4 Bd3 29. Rb8 Ra5 30. Bxa5 bxa5 31. e6 fxe6 32. Nxe6 Kf7 33. Nxf8
Ke7 34. Ra8 Bc2 35. Kf1 d4 36. Ke1 Be4 37. Rb8 Bc2 38. Kd2 Bf5 39. Nxh7 Bxh7
40. Rb5 Kd6 41. Rxa5 Be4 42. f3 1-0

[Event "DEM U12/U12w 2004"]
[Site "Willingen GER"]
[Date "2004.05.31"]
[Round "4"]
[White "Schrödter, Thomas"]
[Black "Maier, Maximilian"]
[Result "1-0"]
[Termination "normal"]
[Board "8"]
[WhiteElo "1827"]
[BlackElo "1510"]
[PlyCount "119"]
[EventCountry "GER"]
[EventRounds "11"]
[EventType "swiss"]
[EventDate "2004.05.29"]

1. d4 Nf6 2. Bg5 e6 3. e3 b6 4. Bd3 Bb7 5. Nf3 Be7 6. Nbd2 O-O 7. O-O d5 8. Ne5
Nbd7 9. f4 Ne4 10. Bxe7 Qxe7 11. Rf3 f6 12. Nxd7 Qxd7 13. Rh3 Rf7 14. Qe2 g6
15. Rf1 Kf8 16. g4 Ke7 17. Bxe4 dxe4 18. Rg3 b5 19. Nb3 Bc6 20. Nc5 Qd5 21. b3
Rb8 22. g5 fxg5 23. Rxg5 Rf5 24. Qg4 Rbf8 25. Rxf5 Qxf5 26. Qh4+ Ke8 27. Qxh7
Qg4+ 28. Kh1 Kd8 29. Qh6 Rf7 30. Qg5+ Qxg5 31. Nxe6+ Ke7 32. Nxg5 Rf8 33. Kg2
b4 34. Rc1 a5 35. c4 Bb7 36. d5 c6 37. dxc6 Bxc6 38. Rd1 Re8 39. Kg3 Bb7 40.
Rd4 Kf6 41. Rd7 Re7 42. Rxe7 Kxe7 43. Kf2 Kf6 44. Ke2 Ke7 45. Kd2 Kf6 46. Kc2
Ke7 47. Kb2 Bc6 48. a3 Kf6 49. axb4 axb4 50. Kc2 Kf5 51. Kd2 Kf6 52. Ke2 Kf5
53. Nf7 Kf6 54. Ne5 Bb7 55. Nd7+ Kf5 56. Nc5 Bc8 57. Kf2 Kg4 58. Nxe4 Bf5 59.
Nc5 Kh3 60. e4 1-0

[Event "DEM U12/U12w 2004"]
[Site "Willingen GER"]
[Date "2004.05.31"]
[Round "4"]
[White "Weber, Raphael"]
[Black "Tkachuk, Konstantyn"]
[Result "1/2-1/2"]
[Termination "normal"]
[Board "9"]
[WhiteElo "1471"]
[BlackElo "1814"]
[PlyCount "73"]
[WhiteFideId "24644110"]
[BlackFideId "24647330"]
[EventCountry "GER"]
[EventRounds "11"]
[EventType "swiss"]
[EventDate "2004.05.29"]

1. e4 e5 2. Nf3 Nc6 3. Bb5 a6 4. Bxc6 dxc6 5. O-O f6 6. d4 Bg4 7. dxe5 Qxd1 8.
Rxd1 fxe5 9. Rd3 Bd6 10. Nbd2 Nf6 11. Nc4 Bxf3 12. gxf3 Ke7 13. Bg5 h6 14. Bh4
Ke6 15. Nxd6 cxd6 16. Rad1 Rad8 17. Kf1 g5 18. Bg3 Nh5 19. Ke2 Rhg8 20. Ke3 Nf4
21. R3d2 Rd7 22. c4 Rgd8 23. b3 d5 24. cxd5+ cxd5 25. exd5+ Rxd5 26. Rxd5 Rxd5
27. Rxd5 Kxd5 28. a3 a5 29. Bxf4 exf4+ 30. Kd3 Kc5 31. Kc3 h5 32. h3 b5 33. b4+
axb4+ 34. axb4+ Kd5 35. Kd3 Ke5 36. Kc3 Kd5 37. Kd3 1/2-1/2